<The> New Lexicon Webster's Dictionary of the English Language Vol.2

Saved in:
Bibliographic Details
Format: Book
Language:English
Published: New York Lexicon Pub. 1990
Edition:1. ed.
Tags: Add Tag
No Tags, Be the first to tag this record!

MARC

LEADER 00000nam a2200000 4500
001 c022838
005 20221206122618.2
041 0 |a eng 
044 |a US 
245 1 0 |a <The> New Lexicon Webster's Dictionary of the English Language  |b Vol.2 
250 |a 1. ed. 
264 1 |a New York  |b Lexicon Pub.  |c 1990 
300 |a S.705-1149